Poskytovanie licencií na predmety duševného vlastníctva v medzinárodnom podnikaní diplomová práca

Salvato in:
Dettagli Bibliografici
Autore principale: Krištofíková, Veronika
Ente Autore: Obchodná fakulta EU. Katedra medzinárodného obchodu
Altri autori: Kittová, Zuzana, 1975-
Natura: Libro
Lingua:slovacco
Pubblicazione: Bratislava 2018
Tags: Aggiungi Tag
Nessun Tag, puoi essere il primo ad aggiungerne!!

MARC

LEADER 00000nbm a2200000 4500
001 0243313
005 20181003112758.9
041 0 |a slo 
044 |a SK 
245 1 0 |a Poskytovanie licencií na predmety duševného vlastníctva v medzinárodnom podnikaní  |b diplomová práca  |c Veronika Krištofíková ; školiteľ: Zuzana Kittová 
264 1 |a Bratislava  |c 2018 
300 |a 69 s. 
100 1 |a Krištofíková, Veronika 
700 1 |a Kittová, Zuzana, 1975- 
710 2 |a Obchodná fakulta EU. Katedra medzinárodného obchodu